000 00303nam a2200121 a 4500
005 20141022142003.0
008 120229s19uu xx 00 eng d
050 _aDVD-ROM
_bF78 2008
100 _aFoskett, David
245 _aThe theory of catering /
_cDavid Foskett.
260 _c2008.
942 _cAVM
999 _c276396
_d276396